00317 a2200133 450000100060000002000150000604000370002110000230005824000310008124500260011230000130013836200090015165000230016072113 a8520908071 cAnchieta - Colégio São Paulo aMachado, Ana Maria10aHoje tem espetáculolpor10aHoje tem espetáculo a131[1p.]0 a2005 4aLiteratura juvenil